Některé otázky strategie podniků

Postup pri spracovaní stratégie poľnohospodárskeho podniku. Kritériá prosperity podniku. Hospodárska politika vlády a podnikové stratégie. Metodologické postupy pri tvorbe podnikových stratégií. Zhodnotenie východiskového stavu a metóda medzipodnikového porovnávania. Formovanie výrobného programu. Č...

Descrizione completa

Salvato in:
Dettagli Bibliografici
Autore principale: Choma, D.
Natura: Capitolo di libro
Lingua:ceco
Soggetti:
Tags: Aggiungi Tag
Nessun Tag, puoi essere il primo ad aggiungerne!!

MARC

LEADER 00000naa a2200000 4500
001 r008681
005 20220831091121.7
041 0 |a cze 
044 |a CS 
245 1 0 |a Některé otázky strategie podniků  |c D. Choma 
520 |a Postup pri spracovaní stratégie poľnohospodárskeho podniku. Kritériá prosperity podniku. Hospodárska politika vlády a podnikové stratégie. Metodologické postupy pri tvorbe podnikových stratégií. Zhodnotenie východiskového stavu a metóda medzipodnikového porovnávania. Formovanie výrobného programu. Časový horizont a naturálne ukazovatele. Stratégie, pracovná sila a investície. Výkonnosť a produktivita. 
610 2 0 |a stratégia podniková 
610 2 0 |a podnik poľnohospodársky 
610 2 0 |a rentabilita podniku 
610 2 0 |a politika hospodárska 
610 2 0 |a vláda 
610 2 0 |a metodológia 
610 2 0 |a porovnanie medzipodnikové 
610 2 0 |a programy výrobné 
610 2 0 |a ukazovatele naturálne 
610 2 0 |a sily pracovné 
610 2 0 |a investície 
610 2 0 |a výkony podnikové 
100 1 |a Choma, D.